[Event "3rd Memorial Warakomska 2019"]
[Site "Suwalki"]
[Date "2019.08.08"]
[Round "5.37"]
[White "Shpanko, Nadiia"]
[Black "Jankowiak, Tomasz"]
[Result "1/2-1/2"]
[WhiteElo "2132"]
[BlackElo "2104"]
[Annotator "NA"]
[PlyCount "147"]
[EventDate "2019.08.05"]
[EventType "swiss"]
[EventCountry "POL"]
[SourceTitle "playchess.com"]
[Source "ChessBase"]
[SourceQuality "1"]
[TimeControl "40/5400+30:1800+30"]

1. c4 {[%emt 0:00:00]} e5 {[%emt 0:00:12]} 2. Nc3 {[%emt 0:00:00]} Nf6 {[%emt 0:00:06]} 3. Nf3 {[%emt 0:00:04]} Nc6 {[%emt 0:00:08]} 4. e3 {[%emt 0:00:18]} d5 {[%emt 0:06:17]} 5. cxd5 {[%emt 0:00:11]} Nxd5 {[%emt 0:00:05]} 6. Bb5 {[%emt 0:00:10]} Nxc3 {[%emt 0:00:37]} 7. bxc3 {[%emt 0:00:10]} Bd7 {[%emt 0:03:49]} 8. d4 {[%emt 0:00:41]} Bd6 {[%emt 0:15:01]} 9. O-O {[%emt 0:04:58]} O-O {[%emt 0:05:10]} 10. Nd2 {[%emt 0:02:01]} exd4 {[%emt 0:14:39]} 11. cxd4 {[%emt 0:04:01]} Re8 {[%emt 0:02:11]} 12. Bb2 {[%emt 0:10:00]} Qg5 {[%emt 0:03:27]} 13. Be2 {[%emt 0:02:56]} Ne7 {[%emt 0:17:49]} 14. Bf3 {[%emt 0:13:35]} Nf5 {[%emt 0:01:40]} 15. Re1 {[%emt 0:07:18]} Nh4 {[%emt 0:03:09]} 16. g3 {[%emt 0:09:37]} Nxf3+ {[%emt 0:00:35]} 17. Qxf3 {[%emt 0:02:03]} Bc6 {[%emt 0:01:42]} 18. Qe2 {[%emt 0:00:34]} Bb4 {[%emt 0:01:01]} 19. Rad1 {[%emt 0:24:43]} Bxd2 {[%emt 0:02:54]} 20. Rxd2 {[%emt 0:00:07]} Qd5 {[%emt 0:00:17]} 21. e4 {[%emt 0:00:32]} Rxe4 {[%emt 0:03:28]} 22. Qxe4 {[%emt 0:00:08]} Qxe4 {[%emt 0:00:04]} 23. Rxe4 {[%emt 0:00:06]} Bxe4 {[%emt 0:00:03]} 24. Re2 {[%emt 0:00:36]} Bc6 {[%emt 0:05:49]} 25. Re7 {[%emt 0:00:26]} Re8 {[%emt 0:00:18]} 26. Rxe8+ {[%emt 0:00:06]} Bxe8 {[%emt 0:00:04]} 27. Kf1 {[%emt 0:00:23]} f6 {[%emt 0:02:04]} 28. Ke2 {[%emt 0:01:59]} Kf7 {[%emt 0:00:05]} 29. Kd3 {[%emt 0:02:36]} Ke6 {[%emt 0:00:16]} 30. Bc1 {[%emt 0:01:07]} g5 {[%emt 0:03:01]} 31. Ba3 {[%emt 0:01:43]} Bb5+ {[%emt 0:00:33]} 32. Kc3 {[%emt 0:00:11]} g4 {[%emt 0:00:48]} 33. Bc1 {[%emt 0:01:59]} Kd5 {[%emt 0:00:18]} 34. Bf4 {[%emt 0:00:08]} c6 {[%emt 0:00:05]} 35. Bb8 {[%emt 0:01:23]} a5 {[%emt 0:00:32]} 36. Bc7 {[%emt 0:00:37]} a4 {[%emt 0:00:16]} 37. a3 {[%emt 0:00:19]} Bc4 {[%emt 0:02:29]} 38. Bb6 {[%emt 0:04:07]} f5 {[%emt 0:00:28]} 39. Kb4 {[%emt 0:00:45]} Bb3 {[%emt 0:00:17]} 40. Kc3 {[%emt 0:00:00]} Ke4 {[%emt 0:00:00]} 41. Kd2 {[%emt 0:11:48]} Kf3 {[%emt 0:01:25]} 42. Ke1 {[%emt 0:00:06]} Bd5 {[%emt 0:13:48]} 43. Kf1 {[%emt 0:00:55]} Bc4+ {[%emt 0:00:15]} 44. Ke1 {[%emt 0:00:09]} h5 {[%emt 0:00:21]} 45. Bc5 {[%emt 0:01:40]} b5 {[%emt 0:01:54]} 46. Kd2 {[%emt 0:00:07]} Kxf2 {[%emt 0:16:50]} 47. d5+ {[%emt 0:00:08]} Kf3 {[%emt 0:00:37]} 48. dxc6 {[%emt 0:00:14]} f4 {[%emt 0:00:42]} 49. c7 {[%emt 0:00:30]} Be6 {[%emt 0:00:04]} 50. Bd6 {[%emt 0:04:06]} Kg2 {[%emt 0:02:32]} 51. Bxf4 {[%emt 0:00:16]} Kxh2 {[%emt 0:00:13]} 52. Kc3 {[%emt 0:00:14]} Kh3 {[%emt 0:00:12]} 53. Kb4 {[%emt 0:00:13]} h4 {[%emt 0:00:26]} 54. gxh4 {[%emt 0:00:14]} Kxh4 {[%emt 0:00:05]} 55. Kxb5 {[%emt 0:00:09]} Bd7+ {[%emt 0:00:47]} 56. Kb6 {[%emt 0:02:29]} g3 {[%emt 0:00:54]} 57. Kb7 {[%emt 0:00:45]} g2 {[%emt 0:00:05]} 58. Bh2 {[%emt 0:01:19]} Kg4 {[%emt 0:01:14]} 59. c8=Q {[%emt 0:00:09]} Bxc8+ {[%emt 0:00:06]} 60. Kxc8 {[%emt 0:00:02]} Kf5 {[%emt 0:00:55]} 61. Kd7 {[%emt 0:01:06]} Ke4 {[%emt 0:00:10]} 62. Kc6 {[%emt 0:00:26]} Kd4 {[%emt 0:00:15]} 63. Kb5 Kd5 64. Bg1 {[%emt 0:03:34]} Kd6 {[%emt 0:00:16]} 65. Bh2+ {[%emt 0:00:25]} Kd5 {[%emt 0:00:16]} 66. Bg1 {[%emt 0:00:04]} Kd6 {[%emt 0:00:04]} 67. Kxa4 {[%emt 0:00:06]} Kc6 {[%emt 0:00:04]} 68. Kb4 {[%emt 0:00:04]} Kb7 {[%emt 0:00:03]} 69. Kb5 {[%emt 0:00:03]} Ka8 {[%emt 0:00:04]} 70. Kb6 {[%emt 0:00:06]} Kb8 {[%emt 0:00:04]} 71. a4 {[%emt 0:00:02]} Ka8 {[%emt 0:00:03]} 72. a5 {[%emt 0:00:05]} Kb8 {[%emt 0:00:02]} 73. a6 {[%emt 0:00:02]} Ka8 {[%emt 0:00:04]} 74. a7 {[%emt 0:00:02]} 1/2-1/2

[Event "3rd Memorial Warakomska 2019"]
[Site "Suwalki"]
[Date "2019.08.08"]
[Round "5.38"]
[White "Bai, Adelard"]
[Black "Bukojemski, Adam"]
[Result "0-1"]
[WhiteElo "2113"]
[BlackElo "2225"]
[Annotator "NA"]
[PlyCount "82"]
[EventDate "2019.08.05"]
[EventType "swiss"]
[EventCountry "POL"]
[SourceTitle "playchess.com"]
[Source "ChessBase"]
[SourceQuality "1"]
[TimeControl "40/5400+30:1800+30"]

1. d4 {[%emt 0:00:00]} Nf6 {[%emt 0:00:48]} 2. c4 {[%emt 0:00:00]} g6 {[%emt 0:00:08]} 3. f3 {[%emt 0:00:12]} d5 {[%emt 0:00:20]} 4. cxd5 {[%emt 0:00:48]} Nxd5 {[%emt 0:00:05]} 5. e4 {[%emt 0:00:38]} Nb6 {[%emt 0:00:14]} 6. Nc3 {[%emt 0:01:49]} Bg7 {[%emt 0:00:19]} 7. Be3 {[%emt 0:00:12]} O-O {[%emt 0:00:14]} 8. Qd2 {[%emt 0:01:13]} Nc6 {[%emt 0:00:07]} 9. O-O-O {[%emt 0:01:02]} Qd6 {[%emt 0:01:22]} 10. Nb5 {[%emt 0:02:49]} Qd7 {[%emt 0:00:15]} 11. Kb1 {[%emt 0:02:47]} Rd8 {[%emt 0:02:57]} 12. d5 {[%emt 0:00:53]} a6 {[%emt 0:03:41]} 13. Nc3 {[%emt 0:12:07]} Qe8 {[%emt 0:02:43]} 14. Qc1 {[%emt 0:03:49]} Ne5 {[%emt 0:04:50]} 15. Nge2 {[%emt 0:10:33]} Nbc4 {[%emt 0:02:14]} 16. Bh6 {[%emt 0:13:45]} Bh8 {[%emt 0:05:10]} 17. b3 {[%emt 0:06:04]} b5 {[%emt 0:00:20]} 18. bxc4 {[%emt 0:03:45]} b4 {[%emt 0:00:37]} 19. Kc2 {[%emt 0:13:59]} Bd7 {[%emt 0:24:12]} 20. Kd2 {[%emt 0:04:24]} Nxc4+ {[%emt 0:02:45]} 21. Ke1 {[%emt 0:00:11]} bxc3 {[%emt 0:00:56]} 22. Nxc3 {[%emt 0:00:12]} Nd6 {[%emt 0:05:06]} 23. Be3 {[%emt 0:02:14]} Nb5 {[%emt 0:03:35]} 24. Na4 {[%emt 0:02:31]} e6 {[%emt 0:07:47]} 25. Kf2 {[%emt 0:01:37]} exd5 {[%emt 0:01:59]} 26. exd5 {[%emt 0:02:07]} Nd6 {[%emt 0:05:13]} 27. Nc5 {[%emt 0:00:17]} Nf5 {[%emt 0:01:23]} 28. Nxd7 {[%emt 0:00:46]} Nxe3 {[%emt 0:05:28]} 29. Qxe3 {[%emt 0:00:09]} Qxd7 {[%emt 0:00:14]} 30. Bc4 {[%emt 0:00:45]} Re8 {[%emt 0:00:57]} 31. Qd3 {[%emt 0:00:12]} Qd6 {[%emt 0:00:29]} 32. g3 {[%emt 0:05:51]} Qc5+ {[%emt 0:01:02]} 33. Kg2 {[%emt 0:00:05]} Re3 {[%emt 0:00:25]} 34. Qc2 {[%emt 0:00:20]} Rc3 {[%emt 0:00:17]} 35. Qxc3 {[%emt 0:05:38]} Bxc3 {[%emt 0:00:07]} 36. Bb3 {[%emt 0:00:05]} Re8 {[%emt 0:00:33]} 37. Rhf1 {[%emt 0:00:10]} Re2+ {[%emt 0:00:29]} 38. Kh1 {[%emt 0:00:05]} Be5 {[%emt 0:01:59]} 39. Rc1 {[%emt 0:00:00]} Qe3 {[%emt 0:00:00]} 40. Rcd1 {[%emt 0:00:00]} Bxg3 {[%emt 0:00:00]} 41. hxg3 {[%emt 0:01:19]} Qh6+ {[%emt 0:00:54]} 0-1

[Event "3rd Memorial Warakomska 2019"]
[Site "Suwalki"]
[Date "2019.08.08"]
[Round "5.39"]
[White "Szczurek, Krzysztof"]
[Black "Selbes, Tarik"]
[Result "0-1"]
[WhiteElo "2104"]
[BlackElo "2342"]
[Annotator "NA"]
[PlyCount "82"]
[EventDate "2019.08.05"]
[EventType "swiss"]
[EventCountry "POL"]
[SourceTitle "playchess.com"]
[Source "ChessBase"]
[SourceQuality "1"]
[TimeControl "40/5400+30:1800+30"]

1. e4 {[%emt 0:00:00]} c6 {[%emt 0:01:02]} 2. d4 {[%emt 0:00:04]} d5 {[%emt 0:00:44]} 3. exd5 {[%emt 0:00:08]} cxd5 {[%emt 0:00:07]} 4. Nf3 {[%emt 0:00:12]} Nf6 {[%emt 0:00:45]} 5. Bd3 {[%emt 0:00:15]} Nc6 {[%emt 0:00:27]} 6. c3 {[%emt 0:00:19]} Bg4 {[%emt 0:01:40]} 7. Bf4 {[%emt 0:01:49]} e6 {[%emt 0:00:14]} 8. Qb3 {[%emt 0:01:54]} Qc8 {[%emt 0:04:56]} 9. Ne5 {[%emt 0:03:25]} Nxe5 {[%emt 0:00:10]} 10. Bxe5 {[%emt 0:00:13]} a6 {[%emt 0:00:48]} 11. O-O {[%emt 0:03:53]} Be7 {[%emt 0:00:16]} 12. Qc2 {[%emt 0:01:02]} Bh5 {[%emt 0:01:09]} 13. Nd2 {[%emt 0:00:49]} Bg6 {[%emt 0:00:18]} 14. Bxg6 {[%emt 0:02:45]} hxg6 {[%emt 0:00:31]} 15. h3 {[%emt 0:00:09]} O-O {[%emt 0:00:36]} 16. Qd3 {[%emt 0:01:14]} b5 {[%emt 0:01:39]} 17. a3 {[%emt 0:14:40]} Qc6 {[%emt 0:02:08]} 18. Bxf6 {[%emt 0:01:16]} gxf6 {[%emt 0:00:20]} 19. Rfe1 {[%emt 0:00:45]} Kg7 {[%emt 0:01:39]} 20. Rec1 {[%emt 0:09:07]} a5 {[%emt 0:03:34]} 21. b4 {[%emt 0:01:15]} a4 {[%emt 0:07:05]} 22. f4 {[%emt 0:07:05]} Rac8 {[%emt 0:01:09]} 23. g3 {[%emt 0:01:31]} Rh8 {[%emt 0:04:09]} 24. Qf1 {[%emt 0:02:26]} g5 {[%emt 0:09:43]} 25. Rc2 {[%emt 0:04:54]} gxf4 {[%emt 0:05:15]} 26. Qxf4 {[%emt 0:00:50]} Rcg8 {[%emt 0:02:23]} 27. Rf1 {[%emt 0:04:26]} Rh6 {[%emt 0:00:41]} 28. Rf3 {[%emt 0:04:21]} Bd6 {[%emt 0:01:02]} 29. Qe3 {[%emt 0:00:09]} Rxh3 {[%emt 0:00:57]} 30. Nf1 {[%emt 0:00:09]} Qc7 {[%emt 0:04:34]} 31. Rcf2 {[%emt 0:04:00]} f5 {[%emt 0:01:22]} 32. Kg2 {[%emt 0:00:47]} Rh7 {[%emt 0:02:27]} 33. Qd3 {[%emt 0:01:10]} Qb8 {[%emt 0:00:22]} 34. Ne3 {[%emt 0:01:54]} Kf8 {[%emt 0:02:02]} 35. g4 {[%emt 0:00:51]} Rh2+ {[%emt 0:04:24]} 36. Kf1 {[%emt 0:00:06]} Rxf2+ {[%emt 0:00:16]} 37. Rxf2 {[%emt 0:00:10]} fxg4 {[%emt 0:05:45]} 38. Qh7 {[%emt 0:00:13]} Qc7 {[%emt 0:00:26]} 39. Qh6+ {[%emt 0:00:05]} Ke8 {[%emt 0:00:41]} 40. Qh7 {[%emt 0:00:00]} Rg6 {[%emt 0:00:00]} 41. Qh8+ {[%emt 0:00:12]} Bf8 {[%emt 0:01:48]} 0-1

[Event "3rd Memorial Warakomska 2019"]
[Site "Suwalki"]
[Date "2019.08.08"]
[Round "5.40"]
[White "Szostko, Jakub"]
[Black "Advait, Bagri"]
[Result "0-1"]
[WhiteElo "2245"]
[BlackElo "1968"]
[Annotator "ChessBase"]
[PlyCount "178"]
[EventDate "2019.08.05"]
[EventType "swiss"]
[EventCountry "POL"]
[SourceTitle "playchess.com"]
[Source "ChessBase"]
[SourceQuality "1"]
[TimeControl "40/5400+30:1800+30"]

1. e4 {[%emt 0:00:00]} e5 {[%emt 0:00:00]} 2. Nf3 {[%emt 0:00:00]} Nc6 {[%emt 0:00:00]} 3. Bb5 {[%emt 0:00:00]} a6 {[%emt 0:00:00]} 4. Ba4 {[%emt 0:00:00]} Nf6 {[%emt 0:00:06]} 5. O-O {[%emt 0:00:00]} Be7 {[%emt 0:00:10]} 6. Re1 {[%emt 0:00:00]} b5 {[%emt 0:00:09]} 7. Bb3 {[%emt 0:00:02]} d6 {[%emt 0:00:14]} 8. c3 {[%emt 0:00:06]} O-O {[%emt 0:00:11]} 9. d4 {[%emt 0:00:07]} Bg4 {[%emt 0:03:01]} 10. d5 {[%emt 0:00:10]} Na5 {[%emt 0:00:10]} 11. Bc2 {[%emt 0:00:06]} c6 {[%emt 0:00:50]} 12. h3 {[%emt 0:00:18]} Bc8 {[%emt 0:00:19]} 13. dxc6 {[%emt 0:00:23]} Qc7 {[%emt 0:04:10]} 14. Nbd2 {[%emt 0:01:13]} Nxc6 {[%emt 0:07:50]} 15. Nf1 {[%emt 0:01:08]} h6 {[%emt 0:04:38]} 16. Ng3 {[%emt 0:02:45]} Rd8 {[%emt 0:02:08]} 17. Qe2 {[%emt 0:05:19]} Bf8 {[%emt 0:08:18]} 18. a4 {[%emt 0:05:38]} b4 {[%emt 0:07:01]} 19. c4 {[%emt 0:03:42]} Be6 {[%emt 0:03:55]} 20. b3 {[%emt 0:02:01]} Nd7 {[%emt 0:02:56]} 21. Nf1 {[%emt 0:05:06]} Nc5 {[%emt 0:01:59]} 22. Ne3 {[%emt 0:05:50]} Nd4 {[%emt 0:06:27]} 23. Qd1 {[%emt 0:01:46]} g6 {[%emt 0:01:58]} 24. Bb2 {[%emt 0:06:24]} Nxf3+ {[%emt 0:06:02]} 25. Qxf3 {[%emt 0:00:33]} a5 {[%emt 0:04:08]} 26. Qg3 {[%emt 0:09:52]} Bg7 {[%emt 0:01:12]} 27. Rad1 {[%emt 0:02:25]} Qe7 {[%emt 0:03:24]} 28. Bc1 {[%emt 0:04:26]} Kh7 {[%emt 0:03:32]} 29. Nf5 {[%emt 0:09:13]} Qf8 {[%emt 0:13:32]} 30. Qh4 {[%emt 0:05:35]} f6 {[%emt 0:01:17]} 31. Ne3 {[%emt 0:02:11]} Ra7 {[%emt 0:03:46]} 32. Qg3 {[%emt 0:04:51]} Re7 {[%emt 0:03:04]} 33. Qf3 Kh8 {[%emt 0:01:50]} 34. Nf1 {[%emt 0:07:42]} Bf7 {[%emt 0:02:27]} 35. Be3 {[%emt 0:00:51]} Qe8 {[%emt 0:01:00]} 36. Rxd6 {[%emt 0:01:53]} Ne6 {[%emt 0:02:09]} 37. Rxd8 {[%emt 0:01:55]} Qxd8 {[%emt 0:00:09]} 38. Rd1 {[%emt 0:00:39]} Rd7 {[%emt 0:00:21]} 39. Rxd7 {[%emt 0:02:46]} Qxd7 {[%emt 0:00:07]} 40. Qd1 {[%emt 0:00:00]} Nd4 {[%emt 0:00:00]} 41. Bxd4 {[%emt 0:03:30]} exd4 {[%emt 0:05:34]} 42. Ne3 {[%emt 0:02:03]} Qa7 {[%emt 0:01:13]} 43. Nd5 {[%emt 0:00:51]} Bxd5 {[%emt 0:02:09]} 44. exd5 {[%emt 0:00:32]} f5 {[%emt 0:01:47]} 45. Qe2 {[%emt 0:00:47]} Bf6 {[%emt 0:04:47]} 46. Qe8+ {[%emt 0:02:22]} Kg7 {[%emt 0:00:25]} 47. d6 {[%emt 0:23:10]} d3 {[%emt 0:01:54]} 48. Bxd3 {[%emt 0:00:14]} Qd4 {[%emt 0:00:09]} 49. Qd7+ {[%emt 0:01:14]} Kh8 {[%emt 0:00:16]} 50. Qe6 {[%emt 0:01:22]} Kg7 {[%emt 0:07:27]} 51. Qd7+ {[%emt 0:02:47]} Kh8 {[%emt 0:00:09]} 52. Qe6 {[%emt 0:01:58]} Kg7 {[%emt 0:00:09]} 53. Qd5 {[%emt 0:02:38]} Qxd5 {[%emt 0:00:14]} 54. cxd5 {[%emt 0:00:01]} Be5 {[%emt 0:00:20]} 55. d7 {[%emt 0:00:06]} Bc7 {[%emt 0:00:05]} 56. Kf1 {[%emt 0:01:04]} Kf6 {[%emt 0:01:12]} 57. Bb5 Ke5 {[%emt 0:00:59]} 58. Bc6 {[%emt 0:01:29]} Kd4 {[%emt 0:00:29]} 59. Ke2 g5 {[%emt 0:05:14]} 60. Kf3 {[%emt 0:01:17]} Bd8 {[%emt 0:00:29]} 61. d6 {[%emt 0:03:06]} Kc5 {[%emt 0:00:52]} 62. Bb5 {[%emt 0:00:03]} Kd4 {[%emt 0:02:14]} 63. Bc4 {[%emt 0:00:40]} Bb6 {[%emt 0:01:07]} 64. Be2 {[%emt 0:01:02]} Kc3 {[%emt 0:00:12]} 65. Bc4 {[%emt 0:01:24]} Kd4 {[%emt 0:00:11]} 66. Bg8 {[%emt 0:00:13]} Bd8 {[%emt 0:00:55]} 67. Bc4 {[%emt 0:01:12]} Bb6 {[%emt 0:00:08]} 68. h4 {[%emt 0:00:44]} Bd8 {[%emt 0:00:31]} 69. h5 {[%emt 0:00:06]} Bb6 {[%emt 0:00:38]} 70. Bg8 {[%emt 0:00:21]} Bd8 {[%emt 0:01:01]} 71. Bc4 {[%emt 0:00:15]} Bb6 {[%emt 0:00:10]} 72. Bg8 {[%emt 0:01:23]} Bd8 {[%emt 0:00:13]} 73. Bh7 {[%emt 0:00:36]} Kc3 {[%emt 0:00:08]} 74. Bg8 {[%emt 0:00:47]} Kd4 {[%emt 0:00:06]} 75. Bh7 {[%emt 0:00:02]} Kc3 {[%emt 0:00:02]} 76. Bxf5 {[%emt 0:01:06]} Kxb3 {[%emt 0:00:09]} 77. Ke4 {[%emt 0:00:01]} Kxa4 {[%emt 0:00:33]} 78. Kd5 {[%emt 0:00:11]} b3 {[%emt 0:02:36]} 79. Kc5 {[%emt 0:01:24]} Ka3 {[%emt 0:00:34]} 80. Kb5 {[%emt 0:00:30]} a4 {[%emt 0:00:21]} 81. g3 {[%emt 0:00:15]} b2 {[%emt 0:00:49]} 82. Bc2 {[%emt 0:00:15]} g4 {[%emt 0:01:07]} 83. Kc6 {[%emt 0:00:49]} Kb4 {[%emt 0:00:46]} 84. Kb7 {[%emt 0:00:07]} a3 {[%emt 0:00:07]} 85. Bb1 {[%emt 0:00:01]} Kb3 {[%emt 0:00:11]} 86. Kc8 {[%emt 0:00:00]} Ba5 {[%emt 0:00:56]} 87. d8=Q {[%emt 0:00:12]} Bxd8 {[%emt 0:00:07]} 88. Kxd8 {[%emt 0:00:01]} a2 {[%emt 0:00:09]} 89. Bxa2+ Kxa2 {[%emt 0:00:06]} 0-1

[Event "3rd Memorial Warakomska 2019"]
[Site "Suwalki"]
[Date "2019.08.08"]
[Round "5.41"]
[White "Mulet, Piotr"]
[Black "Bommini Mounika Akshaya"]
[Result "1-0"]
[WhiteElo "2244"]
[BlackElo "2063"]
[Annotator "NA"]
[PlyCount "93"]
[EventDate "2019.08.05"]
[EventType "swiss"]
[EventCountry "POL"]
[SourceTitle "playchess.com"]
[Source "ChessBase"]
[SourceQuality "1"]
[TimeControl "40/5400+30:1800+30"]

1. e4 {[%emt 0:00:00]} e5 {[%emt 0:02:10]} 2. Nf3 {[%emt 0:00:00]} Nc6 {[%emt 0:00:08]} 3. Nc3 {[%emt 0:00:00]} Nf6 {[%emt 0:00:05]} 4. Bb5 {[%emt 0:01:36]} Bb4 {[%emt 0:00:16]} 5. O-O {[%emt 0:00:14]} O-O {[%emt 0:00:06]} 6. d3 {[%emt 0:00:15]} Bxc3 {[%emt 0:00:06]} 7. bxc3 {[%emt 0:00:07]} d6 {[%emt 0:00:18]} 8. Re1 {[%emt 0:00:31]} a6 {[%emt 0:06:54]} 9. Bxc6 {[%emt 0:01:23]} bxc6 {[%emt 0:00:14]} 10. d4 {[%emt 0:02:00]} Qe7 {[%emt 0:01:15]} 11. Ba3 {[%emt 0:09:00]} Nd7 {[%emt 0:01:50]} 12. Qd3 {[%emt 0:06:04]} Re8 {[%emt 0:21:25]} 13. Rab1 {[%emt 0:20:37]} Qd8 {[%emt 0:07:48]} 14. Nd2 {[%emt 0:13:39]} a5 {[%emt 0:08:37]} 15. Qg3 {[%emt 0:00:06]} Qf6 {[%emt 0:13:04]} 16. dxe5 {[%emt 0:04:39]} Rxe5 {[%emt 0:02:56]} 17. c4 {[%emt 0:02:38]} Rg5 {[%emt 0:10:04]} 18. Qe3 {[%emt 0:00:11]} h5 {[%emt 0:01:49]} 19. f4 {[%emt 0:02:07]} Rg4 {[%emt 0:03:22]} 20. h3 {[%emt 0:03:08]} Rg6 {[%emt 0:01:56]} 21. Nf3 {[%emt 0:02:49]} Nb6 {[%emt 0:03:07]} 22. Bb2 {[%emt 0:06:32]} Nxc4 {[%emt 0:05:13]} 23. Bxf6 {[%emt 0:00:06]} Nxe3 {[%emt 0:00:05]} 24. Bg5 {[%emt 0:00:05]} Nxc2 {[%emt 0:06:29]} 25. Rec1 {[%emt 0:00:51]} Nb4 {[%emt 0:00:34]} 26. f5 {[%emt 0:01:18]} Rxg5 {[%emt 0:00:22]} 27. Nxg5 {[%emt 0:00:07]} c5 {[%emt 0:00:08]} 28. a3 {[%emt 0:01:14]} Nc6 {[%emt 0:00:15]} 29. Nf3 {[%emt 0:00:46]} Ba6 {[%emt 0:00:11]} 30. e5 {[%emt 0:00:37]} Bd3 {[%emt 0:01:27]} 31. Rb7 {[%emt 0:00:06]} Rc8 {[%emt 0:01:02]} 32. g4 {[%emt 0:01:25]} Be4 {[%emt 0:00:37]} 33. exd6 {[%emt 0:00:32]} cxd6 {[%emt 0:01:19]} 34. Ng5 {[%emt 0:00:27]} Nd4 {[%emt 0:01:05]} 35. Nxe4 {[%emt 0:00:56]} Ne2+ {[%emt 0:00:10]} 36. Kg2 {[%emt 0:00:24]} Nxc1 {[%emt 0:00:05]} 37. Nxd6 {[%emt 0:00:03]} Rd8 {[%emt 0:00:55]} 38. Nxf7 {[%emt 0:00:16]} Rd2+ {[%emt 0:00:07]} 39. Kg3 {[%emt 0:00:47]} Rd3+ {[%emt 0:00:34]} 40. Kh4 {[%emt 0:00:00]} hxg4 {[%emt 0:00:00]} 41. hxg4 {[%emt 0:00:39]} Rxa3 {[%emt 0:04:57]} 42. Ng5 {[%emt 0:01:36]} Rb3 {[%emt 0:02:20]} 43. Ra7 {[%emt 0:00:08]} Rb8 {[%emt 0:01:58]} 44. Ne6 {[%emt 0:00:11]} Nd3 {[%emt 0:02:04]} 45. Rxg7+ {[%emt 0:00:48]} Kh8 {[%emt 0:00:14]} 46. f6 {[%emt 0:01:55]} Rc8 {[%emt 0:02:04]} 47. g5 {[%emt 0:04:08]} 1-0

[Event "3rd Memorial Warakomska 2019"]
[Site "Suwalki"]
[Date "2019.08.08"]
[Round "5.42"]
[White "Kumala, Aleksander"]
[Black "Czarniecka, Aleksandra"]
[Result "1-0"]
[WhiteElo "2184"]
[BlackElo "2042"]
[Annotator "NA"]
[PlyCount "75"]
[EventDate "2019.08.05"]
[EventType "swiss"]
[EventCountry "POL"]
[SourceTitle "playchess.com"]
[Source "ChessBase"]
[SourceQuality "1"]
[TimeControl "40/5400+30:1800+30"]

1. d4 {[%emt 0:00:00]} d6 {[%emt 0:00:00]} 2. e4 {[%emt 0:00:00]} Nf6 {[%emt 0:00:00]} 3. Nc3 {[%emt 0:00:00]} e5 {[%emt 0:00:18]} 4. Nf3 {[%emt 0:00:00]} Nbd7 {[%emt 0:01:30]} 5. Rg1 {[%emt 0:00:00]} g6 {[%emt 0:11:26]} 6. g4 {[%emt 0:00:04]} Bg7 {[%emt 0:05:38]} 7. g5 {[%emt 0:02:31]} Ng8 {[%emt 0:04:51]} 8. Be3 {[%emt 0:01:24]} Ne7 {[%emt 0:00:50]} 9. Qd2 {[%emt 0:01:35]} exd4 {[%emt 0:04:24]} 10. Nxd4 {[%emt 0:01:19]} Ne5 {[%emt 0:02:03]} 11. Be2 {[%emt 0:04:00]} N5c6 {[%emt 0:07:43]} 12. O-O-O {[%emt 0:02:13]} a6 {[%emt 0:14:11]} 13. h4 {[%emt 0:04:56]} Rg8 {[%emt 0:05:08]} 14. f4 {[%emt 0:03:03]} Nxd4 {[%emt 0:04:14]} 15. Bxd4 {[%emt 0:04:17]} Bxd4 {[%emt 0:00:05]} 16. Qxd4 {[%emt 0:00:08]} Be6 {[%emt 0:01:15]} 17. Rge1 {[%emt 0:08:04]} Qd7 {[%emt 0:05:13]} 18. Nd5 {[%emt 0:04:54]} Bxd5 {[%emt 0:07:39]} 19. exd5 {[%emt 0:00:08]} Kf8 {[%emt 0:00:53]} 20. Qf6 {[%emt 0:15:01]} Qf5 {[%emt 0:03:27]} 21. Bg4 {[%emt 0:00:05]} Qxf6 {[%emt 0:04:18]} 22. gxf6 {[%emt 0:00:20]} Nf5 {[%emt 0:01:28]} 23. Bxf5 {[%emt 0:08:36]} gxf5 {[%emt 0:00:06]} 24. h5 {[%emt 0:00:03]} Re8 {[%emt 0:09:13]} 25. Rxe8+ {[%emt 0:03:48]} Kxe8 {[%emt 0:00:05]} 26. Re1+ {[%emt 0:00:05]} Kd8 {[%emt 0:00:02]} 27. Re7 {[%emt 0:00:05]} Rf8 {[%emt 0:00:18]} 28. Kd2 {[%emt 0:02:38]} h6 {[%emt 0:00:31]} 29. Kd3 {[%emt 0:00:12]} Kc8 {[%emt 0:00:35]} 30. a4 {[%emt 0:01:38]} b5 {[%emt 0:04:20]} 31. a5 {[%emt 0:01:23]} Kb8 {[%emt 0:00:47]} 32. c4 {[%emt 0:00:21]} bxc4+ {[%emt 0:00:32]} 33. Kxc4 {[%emt 0:00:07]} Kc8 {[%emt 0:01:16]} 34. b4 {[%emt 0:00:06]} Rg8 {[%emt 0:01:11]} 35. Rxf7 {[%emt 0:00:08]} Rg4 {[%emt 0:00:15]} 36. Rg7 {[%emt 0:02:14]} Rxf4+ {[%emt 0:00:20]} 37. Kb3 {[%emt 0:00:05]} Kd8 {[%emt 0:01:10]} 38. Rg8+ {[%emt 0:00:06]} 1-0